Statistics for Pennsylvania Metropolitan Areas

Click here to take the quiz!

General Stats

  • This quiz has been taken 53 times
  • The average score is 13 of 18

Answer Stats

PopulationAnswer% Correct
6,107,906Philadelphia
100%
581,943Harrisburg
98%
2,309,246Pittsburgh
98%
552,528Scranton
98%
846,399Allentown
95%
268,426Erie
95%
546,192Lancaster
90%
421,017Reading
83%
450,448York
83%
121,007Altoona
76%
161,496State College
67%
128,672Johnstown
62%
113,209Williamsport
60%
141,663Lebanon
45%
102,742Gettysburg
43%
82,884Bloomsburg
40%
170,154Stroudsburg
40%
155,637Chambersburg
38%

Score Distribution

Percentile by Number Answered

Percent of People with Each Score

Your Score History

You have not taken this quiz